01676nam a2200385 i 4500001001000000003000900010005001700019007000300036008004100039020001500080040003400095082003100129245019200160250002200352264003400374300005400408336002700462337003300489338002800522490009400550500006400644590002600708600005600734650003600790651005700826700003400883700005300917700004100970700004101011710004401052910004001096942001201136952012501148999001701273000016084DO-SdBPM20260204085734.0ta100225s2002 dr ac r 001 0 spa d a9993462071 aDO-SdBPMbspacBPMSU erdad  4a923.57293bF363c, 200222200aCoronel Fernández Domínguez :bmodelo de soldado democrático /cpresentación, Iván Grullón Fernández ; colaboradores, Arlette Fernández, Amadeo Julián y Ramón Colombo. asegunda edición aSanto Domingo :bUASD,c2002. a81 páginas :bilustraciones, retratos ;c21 cm. atextobtxt2rdacontent asin mediaciónbn2rdamedia avolumenbnc2rdacarrier0 aPublicaciones de la Universidad Autónoma de Santo Domingo;aHistoria y Sociedadv959/99 aEn la cubierta: 19 de mayo día del Soldado Democrático. aInventariado, 2026/VM17aFernández Domínguez, Rafael Tomás,d1934-1965 7aPensamiento político y social 7aRepública DominicanaxHistoriayRevolución, 19651 aGrullón Fernández, Iván1 aFernández, Arlette,d1937-,ecolaborador4col.1 aJulián, Amadeo,ecolaborador4col.1 aColombo, Ramón,ecolaborador4col.2 aUniversidad Autónoma de Santo Domingo aVMateo V. Control de calidad. BPMSU 2ddccBK 00102ddc708CDaBPMETbBPMETd2026-02-04l0oBPMSU CD 923.57293 F363c, 2002pBPMSU26020032r2026-02-04w2026-02-04yBK c15661d15661